Prawno-organizacyjne formy dzialalnosci gospodarczej w krajach anglosaskich.
Základnú právno-organizačnú formu používanú vo V. Británii a USA tvoria kapitálové spoločnosti podľa obchodného práva. Tri druhy spoločností. Ich štatúty. Súkromné a verejné spoločnosti - ich charakteristika. Označenie PLC. Štatút spoločnosti. Príklad spätosti vedenia vyššieho stupňa.
Gespeichert in:
| 1. Verfasser: | |
|---|---|
| Format: | Buchkapitel |
| Sprache: | Polnisch |
| Schlagworte: | |
| Tags: |
Keine Tags, Fügen Sie das erste Tag hinzu!
|
MARC
| LEADER | 00000naa a2200000 4500 | ||
|---|---|---|---|
| 001 | r008351 | ||
| 005 | 20221125122543.8 | ||
| 041 | 0 | |a pol | |
| 044 | |a PL | ||
| 245 | 1 | 0 | |a Prawno-organizacyjne formy dzialalnosci gospodarczej w krajach anglosaskich. |c Z. Boguslawski |
| 520 | |a Základnú právno-organizačnú formu používanú vo V. Británii a USA tvoria kapitálové spoločnosti podľa obchodného práva. Tri druhy spoločností. Ich štatúty. Súkromné a verejné spoločnosti - ich charakteristika. Označenie PLC. Štatút spoločnosti. Príklad spätosti vedenia vyššieho stupňa. | ||
| 610 | 2 | 0 | |a podnik štátny |
| 610 | 2 | 0 | |a podnik súkromný |
| 610 | 2 | 0 | |a Veľká Británia |
| 610 | 2 | 0 | |a USA |
| 610 | 2 | 0 | |a právo obchodné |
| 610 | 2 | 0 | |a organizácia podniku |
| 610 | 2 | 0 | |a činnosť hospodárska |
| 100 | 1 | |a Boguslawski, Z. | |